000 00928nas a2200289 4500
001 BR0802756
003 BR-BrBNA
005 20231205112054.0
007 ta
008 230509b bl.|||p| |||| 00| 00por d
040 _aBR-BrBNA
_bpor
_cBiblioteca Nacional de Agricultura
041 _a(En)
072 _aL60; L20; L50
100 1 _aSilva, F.F. da
100 1 _aMeirelles, R.N.
100 1 _aRedaelli, L.R.
100 1 _aSoglio, F.K.D.
245 1 _aDiversity of flies (Diptera: Tephritidae and Lochaeidae)in organic citrus orchards in the vale do Rio Caí, Rio Grande do Sul, Southern Brazil
650 _aMOSCA
650 _aTAXONOMIA ANIMAL
650 _aPRAGA DE PLANTA
650 _aCITRUS
650 _aRIO GRANDE DO SUL
773 0 _tNeotropical Entomology (Brazil)
_xISSN 1519-566X
_g(Sep-Oct 2006), v. 35(5) p. 666--670
_wBR0802756
909 _a202311
_bLúcia
_c55
_dLúcia Elande
942 _2AGRIS
_n0
_cANA
999 _c195950
_d195950